Train to Pakistan (Record no. 529153)
[ view plain ]
| 000 -LEADER | |
|---|---|
| fixed length control field | 00384nam a22001577a 4500 |
| 003 - CONTROL NUMBER IDENTIFIER | |
| control field | NUST |
| 020 ## - INTERNATIONAL STANDARD BOOK NUMBER | |
| International Standard Book Number | 9693524373 |
| 038 ## - RECORD CONTENT LICENSOR | |
| Staff Name | MSOHAIL |
| 082 ## - DEWEY DECIMAL CLASSIFICATION NUMBER | |
| Classification number | 891.4393 ABD |
| 100 ## - MAIN ENTRY--PERSONAL NAME | |
| Personal name | Abdaal Bela |
| 9 (RLIN) | 10299 |
| 245 ## - TITLE STATEMENT | |
| Title | Train to Pakistan |
| 260 ## - PUBLICATION, DISTRIBUTION, ETC. | |
| Place of publication, distribution, etc. | LAHORE |
| Name of publisher, distributor, etc. | SANG-E-MEEL PUB |
| Date of publication, distribution, etc. | 2011 |
| 300 ## - PHYSICAL DESCRIPTION | |
| Extent | 199,p; |
| Dimensions | 25cm |
| 650 ## - SUBJECT ADDED ENTRY--TOPICAL TERM | |
| Topical term or geographic name entry element | URDU ADAB-NOVEL.URDU LITERATURE-NOVEL. |
| 9 (RLIN) | 20927 |
| 942 ## - ADDED ENTRY ELEMENTS (KOHA) | |
| Koha item type | Book |
| Source of classification or shelving scheme | |
| Withdrawn status | Lost status | Source of classification or shelving scheme | Damaged status | Not for loan | Permanent Location | Current Location | Date acquired | Total Checkouts | Full call number | Barcode | Date last seen | Date last checked out | Price effective from | Koha item type |
|---|---|---|---|---|---|---|---|---|---|---|---|---|---|---|
| School of Civil and Environmental Engineering (SCEE) | School of Civil and Environmental Engineering (SCEE) | 09/20/2019 | 1 | 891.4393 ABD | NIT-10736 | 04/22/2021 | 03/13/2020 | 09/20/2019 | Book |
